Akta Kualiti Alam Sekeliling 1974 (Akta 127) & peraturan-peraturan dan perintah-perintah : (Record no. 4567)

000 -LEADER
fixed length control field nam a22 a 4500
003 - CONTROL NUMBER IDENTIFIER
control field AKMAL
005 - DATE AND TIME OF LATEST TRANSACTION
control field 20170601085155.0
008 - FIXED-LENGTH DATA ELEMENTS--GENERAL INFORMATION
fixed length control field 1 s2006 my | g l 000 0 may d
020 ## - INTERNATIONAL STANDARD BOOK NUMBER
International Standard Book Number 9678916886 (kkt.)
040 ## - CATALOGING SOURCE
Transcribing agency AKMAL
082 04 - DEWEY DECIMAL CLASSIFICATION NUMBER
Classification number 344.595046 MAL
Edition number 22
090 00 - LOCALLY ASSIGNED LC-TYPE CALL NUMBER (OCLC); LOCAL CALL NUMBER (RLIN)
Classification number (OCLC) (R) ; Classification number, CALL (RLIN) (NR) 344.595046
Local cutter number (OCLC) ; Book number/undivided call number, CALL (RLIN) MAL
110 1# - MAIN ENTRY--CORPORATE NAME
Corporate name or jurisdiction name as entry element Malaysia
9 (RLIN) 400
245 10 - TITLE STATEMENT
Title Akta Kualiti Alam Sekeliling 1974 (Akta 127) & peraturan-peraturan dan perintah-perintah :
Remainder of title (hingga 5hb Jun 2006) /
Statement of responsibility, etc. disusun oleh Lembaga Penyelidikan Undang-Undang
260 ## - PUBLICATION, DISTRIBUTION, ETC.
Place of publication, distribution, etc. Petaling Jaya :
Name of publisher, distributor, etc. International Law Book Services,
Date of publication, distribution, etc. 2006
300 ## - PHYSICAL DESCRIPTION
Extent 309ms. ;
Dimensions 24cm.
440 #0 - SERIES STATEMENT/ADDED ENTRY--TITLE
Title UNDANG-UNDANG MALAYSIA
9 (RLIN) 8804
650 10 - SUBJECT ADDED ENTRY--TOPICAL TERM
Topical term or geographic name entry element Environmental law
Geographic subdivision Malaysia
9 (RLIN) 8805
650 20 - SUBJECT ADDED ENTRY--TOPICAL TERM
Topical term or geographic name entry element Pollution
General subdivision Law and legislation
Geographic subdivision Malaysia
9 (RLIN) 8806
710 2# - ADDED ENTRY--CORPORATE NAME
Corporate name or jurisdiction name as entry element Lembaga Penyelidikan Undang-Undang
9 (RLIN) 8807
942 ## - ADDED ENTRY ELEMENTS (KOHA)
Source of classification or shelving scheme
Koha item type Book

No items available.

Pusat Sumber Maklumat Dato' Haji Sarmin Md Hussin, Akademi Kastam Diraja Malaysia, Melaka
Tel: 06-2331106 | Faks: 06-2313787